Statistics for Word Scramble - Indian Cities

Click here to take the quiz!

General Stats

  • This quiz has been taken 230 times
  • The average score is 9 of 15

Answer Stats

City% Correct
Agra
100%
Delhi
100%
Kanpur
100%
Mumbai
100%
Pune
100%
Ahmedabad
91%
Lucknow
90%
Patna
88%
Jaipur
83%
Jaipur
83%
Jammu
83%
Hyderabad
82%
Kolkata
78%
Bhopal
75%
Noida
75%
Thane
75%
Varanasi
75%
Vadodara
73%
Chennai
71%
Surat
71%
Amritsar
70%
Gorakhpur
67%
Guntur
67%
Raipur
67%
Allahabad
63%
Nagpur
63%
Bangalore
60%
Nashik
57%
Indore
56%
Ghaziabad
44%
Amravati
42%
Visakhapatnam
33%
Madurai
29%
Bhiwandi
22%
Saharanpur
22%
Bikaner
17%

Score Distribution

Percentile by Number Answered

Percent of People with Each Score

Your Score History

You have not taken this quiz